Southville International School and Colleges
Your cart is empty.
  • Cart
  • Lists
    Public lists Eva Luna New books Lux_list list_1
    Your lists Log in to create your own lists
  • Log in to your account
  • Your cookies
  • Search history
Southville International School and Colleges
  • Advanced search
  • Recent comments
  • Most popular
  • Libraries

Log in to your account

Log in with GOOGLE


If you do not have an external account, but do have a local account, you can still log in:

  1. Home
  2. MARC view: The lasko tangent /
Normal view MARC view ISBD view

The lasko tangent / (Record no. 10706)

[ view plain ]
MARC details
000 -LEADER
fixed length control field 01179pam a2200361 a 4500
001 - CONTROL NUMBER
control field 4629384
003 - CONTROL NUMBER IDENTIFIER
control field LC
005 - DATE AND TIME OF LATEST TRANSACTION
control field 20160317152346.0
008 - FIXED-LENGTH DATA ELEMENTS--GENERAL INFORMATION
fixed length control field 781207s1979 nyu 000 1 eng
010 ## - LIBRARY OF CONGRESS CONTROL NUMBER
LC control number 78027492
020 ## - INTERNATIONAL STANDARD BOOK NUMBER
International Standard Book Number 9780345325327
040 ## - CATALOGING SOURCE
Original cataloging agency DLC
Transcribing agency DLC
Modifying agency DLC
043 ## - GEOGRAPHIC AREA CODE
Geographic area code n-us---
050 00 - LIBRARY OF CONGRESS CALL NUMBER
Classification number PZ 4
Item number .P317 1980
082 00 - DEWEY DECIMAL CLASSIFICATION NUMBER
Classification number FIC
Item number P27l 1979
100 1# - MAIN ENTRY--PERSONAL NAME
Personal name Patterson, Richard North.
9 (RLIN) 17372
245 14 - TITLE STATEMENT
Title The lasko tangent /
Statement of responsibility, etc Richard North Patterson
260 ## - PUBLICATION, DISTRIBUTION, ETC. (IMPRINT)
Place of publication, distribution, etc New York :
Name of publisher, distributor, etc Norton,
Date of publication, distribution, etc c1980.
300 ## - PHYSICAL DESCRIPTION
Extent 255 p. :
Dimensions 18 cm.
650 #0 - SUBJECT ADDED ENTRY--TOPICAL TERM
Topical term or geographic name as entry element Public prosecutors
General subdivision Fiction.
9 (RLIN) 17373
650 #0 - SUBJECT ADDED ENTRY--TOPICAL TERM
Topical term or geographic name as entry element Commercial crimes
General subdivision Fiction.
9 (RLIN) 17374
650 #0 - SUBJECT ADDED ENTRY--TOPICAL TERM
Topical term or geographic name as entry element Millionaires
Form subdivision Fiction.
9 (RLIN) 17375
655 #7 - INDEX TERM--GENRE/FORM
Genre/form data or focus term Political fiction.
Source of term lcsh
9 (RLIN) 1888
655 #7 - INDEX TERM--GENRE/FORM
Genre/form data or focus term Legal stories.
Source of term gsafd
9 (RLIN) 14108
655 #7 - INDEX TERM--GENRE/FORM
Genre/form data or focus term Suspense fiction.
Source of term gsafd
9 (RLIN) 6032
710 2# - ADDED ENTRY--CORPORATE NAME
Corporate name or jurisdiction name as entry element Copyright Paperback Collection (Library of Congress)
Institution to which field applies DLC
9 (RLIN) 705
856 42 - ELECTRONIC LOCATION AND ACCESS
Materials specified Publisher description
Uniform Resource Identifier <a href="http://www.loc.gov/catdir/description/random048/78027492.html">http://www.loc.gov/catdir/description/random048/78027492.html</a>
906 ## - LOCAL DATA ELEMENT F, LDF (RLIN)
a 7
b cbc
c orignew
d 1
e ocip
f 19
g y-gencatlg
942 ## - ADDED ENTRY ELEMENTS (KOHA)
Source of classification or shelving scheme Library of Congress Classification
Koha item type Books
Holdings
Withdrawn status Lost status Source of classification or shelving scheme Damaged status Home library Current library Shelving location Date acquired Total Checkouts Full call number Barcode Date last seen Copy number Price effective from Koha item type
    Library of Congress Classification   Luxembourg Library Luxembourg Library Fiction Section 09/09/2013   PZ 4 .P317 1980 7077 09/09/2013 1 09/09/2013 Books
    Library of Congress Classification   Luxembourg Library Luxembourg Library Fiction Section 09/09/2013   PZ 4 .P317 1980 11055 09/09/2013 2 09/09/2013 Books

The lasko tangent /

APA

Patterson R. N., Copyright Paperback Collection (Library of Congress), . (1980). The lasko tangent. New York: Norton.

Chicago

Patterson Richard North, Copyright Paperback Collection (Library of Congress), . 1980. The lasko tangent. New York: Norton.

Harvard

Patterson R. N., Copyright Paperback Collection (Library of Congress), . (1980). The lasko tangent. New York: Norton.

MLA

Patterson Richard North, Copyright Paperback Collection (Library of Congress), . The lasko tangent. New York: Norton. 1980.

  • Place hold
  • Print
  • Cite
  • Add to your cart (remove)
  • Save record
    BIBTEX Dublin Core MARCXML MARC (non-Unicode/MARC-8) MARC (Unicode/UTF-8) MARC (Unicode/UTF-8, Standard) MODS (XML) RIS
  • More searches
    Search for this title in:
    Other Libraries (WorldCat) Other Databases (Google Scholar) Online Stores (Bookfinder.com) Open Library (openlibrary.org)

Exporting to Dublin Core...

SOUTHVILLE LIBRARY

Southville International School and Colleges Library

1281 Tropical Ave. Cor. Luxembourg St., BF Homes International, Las Pinas City

Tel. No. 8256374 / 252358 Loc. 117/146

Powered by Koha